<?xml version="1.0" encoding="UTF-8"?>
<record
    xmlns:xsi="http://www.w3.org/2001/XMLSchema-instance"
    xsi:schemaLocation="http://www.loc.gov/MARC21/slim http://www.loc.gov/standards/marcxml/schema/MARC21slim.xsd"
    xmlns="http://www.loc.gov/MARC21/slim">

  <leader>00784nam a22002177a 4500</leader>
  <controlfield tag="005">20140217150952.0</controlfield>
  <datafield tag="010" ind1=" " ind2=" ">
    <subfield code="a">B-495442-447</subfield>
  </datafield>
  <datafield tag="020" ind1=" " ind2=" ">
    <subfield code="a">9798121209334</subfield>
    <subfield code="c">720.00</subfield>
  </datafield>
  <datafield tag="020" ind1=" " ind2=" ">
    <subfield code="a">8121209331</subfield>
    <subfield code="c">720.00</subfield>
  </datafield>
  <datafield tag="035" ind1=" " ind2=" ">
    <subfield code="a">B-495442-447</subfield>
  </datafield>
  <datafield tag="037" ind1=" " ind2=" ">
    <subfield code="a">dpl</subfield>
    <subfield code="b">BBB/VEN</subfield>
  </datafield>
  <datafield tag="082" ind1=" " ind2=" ">
    <subfield code="a">230.8095431</subfield>
  </datafield>
  <datafield tag="100" ind1=" " ind2=" ">
    <subfield code="a">Prasad, P.V.R.K.</subfield>
  </datafield>
  <datafield tag="245" ind1=" " ind2=" ">
    <subfield code="a">When I saw Triupati Balaji:</subfield>
    <subfield code="c">by P.V.R.K.Prasad</subfield>
    <subfield code="b">naaham karta</subfield>
  </datafield>
  <datafield tag="260" ind1=" " ind2=" ">
    <subfield code="a">New Delhi</subfield>
    <subfield code="b">Gyan Publishing house</subfield>
    <subfield code="c">2012</subfield>
  </datafield>
  <datafield tag="270" ind1=" " ind2=" ">
    <subfield code="a">23, main Ansari road, Daryaganj</subfield>
    <subfield code="b">New Delhi</subfield>
    <subfield code="e">110002</subfield>
    <subfield code="k">23282060</subfield>
    <subfield code="l">01123285914</subfield>
    <subfield code="m">books@gyanbooks.com</subfield>
  </datafield>
  <datafield tag="300" ind1=" " ind2=" ">
    <subfield code="a">333p.</subfield>
    <subfield code="b">ill</subfield>
    <subfield code="c">20cm(pbk)</subfield>
  </datafield>
  <datafield tag="500" ind1=" " ind2=" ">
    <subfield code="a">include index</subfield>
  </datafield>
  <datafield tag="942" ind1=" " ind2=" ">
    <subfield code="2">ddc</subfield>
    <subfield code="c">EN</subfield>
    <subfield code="m">KAR</subfield>
    <subfield code="h">230.8095431</subfield>
  </datafield>
  <datafield tag="999" ind1=" " ind2=" ">
    <subfield code="c">78878</subfield>
    <subfield code="d">78878</subfield>
  </datafield>
  <datafield tag="952" ind1=" " ind2=" ">
    <subfield code="0">0</subfield>
    <subfield code="1">0</subfield>
    <subfield code="4">0</subfield>
    <subfield code="7">0</subfield>
    <subfield code="8">NFIC</subfield>
    <subfield code="a">L</subfield>
    <subfield code="b">L</subfield>
    <subfield code="d">2014-02-17</subfield>
    <subfield code="e">BBB/IN10348/12.03.2013/168/08.03.2013/15.03.2013</subfield>
    <subfield code="g">720.00</subfield>
    <subfield code="l">2</subfield>
    <subfield code="o">230.8095431 KAR</subfield>
    <subfield code="p">B-495442</subfield>
    <subfield code="r">2017-09-05 00:00:00</subfield>
    <subfield code="s">2017-08-22</subfield>
    <subfield code="t">1</subfield>
    <subfield code="v">720.00</subfield>
    <subfield code="w">2014-02-17</subfield>
    <subfield code="y">EN</subfield>
  </datafield>
  <datafield tag="952" ind1=" " ind2=" ">
    <subfield code="0">0</subfield>
    <subfield code="1">0</subfield>
    <subfield code="4">0</subfield>
    <subfield code="7">0</subfield>
    <subfield code="8">NFIC</subfield>
    <subfield code="a">BL1</subfield>
    <subfield code="b">BL1</subfield>
    <subfield code="d">2014-02-17</subfield>
    <subfield code="e">BBB/IN10348/12.03.2013/168/08.03.2013/15.03.2013</subfield>
    <subfield code="g">720.00</subfield>
    <subfield code="l">2</subfield>
    <subfield code="o">230.8095431 KAR</subfield>
    <subfield code="p">B-495443</subfield>
    <subfield code="r">2018-12-07 00:00:00</subfield>
    <subfield code="s">2018-11-20</subfield>
    <subfield code="t">1</subfield>
    <subfield code="v">720.00</subfield>
    <subfield code="y">EN</subfield>
  </datafield>
  <datafield tag="952" ind1=" " ind2=" ">
    <subfield code="0">0</subfield>
    <subfield code="1">0</subfield>
    <subfield code="4">0</subfield>
    <subfield code="7">0</subfield>
    <subfield code="8">NFIC</subfield>
    <subfield code="a">KGM</subfield>
    <subfield code="b">KGM</subfield>
    <subfield code="d">2014-02-17</subfield>
    <subfield code="e">BBB/IN10348/12.03.2013/168/08.03.2013/15.03.2013</subfield>
    <subfield code="g">720.00</subfield>
    <subfield code="l">0</subfield>
    <subfield code="o">230.8095431 KAR</subfield>
    <subfield code="p">B-495444</subfield>
    <subfield code="r">2014-02-17 00:00:00</subfield>
    <subfield code="t">1</subfield>
    <subfield code="v">720.00</subfield>
    <subfield code="y">EN</subfield>
  </datafield>
  <datafield tag="952" ind1=" " ind2=" ">
    <subfield code="0">0</subfield>
    <subfield code="1">0</subfield>
    <subfield code="4">0</subfield>
    <subfield code="7">0</subfield>
    <subfield code="8">NFIC</subfield>
    <subfield code="a">JP</subfield>
    <subfield code="b">JP</subfield>
    <subfield code="d">2014-02-17</subfield>
    <subfield code="e">BBB/IN10348/12.03.2013/168/08.03.2013/15.03.2013</subfield>
    <subfield code="g">720.00</subfield>
    <subfield code="l">0</subfield>
    <subfield code="o">230.8095431 KAR</subfield>
    <subfield code="p">B-495445</subfield>
    <subfield code="r">2014-02-17 00:00:00</subfield>
    <subfield code="t">1</subfield>
    <subfield code="v">720.00</subfield>
    <subfield code="y">EN</subfield>
  </datafield>
  <datafield tag="952" ind1=" " ind2=" ">
    <subfield code="0">0</subfield>
    <subfield code="1">0</subfield>
    <subfield code="4">0</subfield>
    <subfield code="7">0</subfield>
    <subfield code="8">NFIC</subfield>
    <subfield code="a">BL3</subfield>
    <subfield code="b">BL3</subfield>
    <subfield code="d">2014-02-17</subfield>
    <subfield code="e">BBB/IN10348/12.03.2013/168/08.03.2013/15.03.2013</subfield>
    <subfield code="g">720.00</subfield>
    <subfield code="l">0</subfield>
    <subfield code="o">230.8095431 KAR</subfield>
    <subfield code="p">B-495446</subfield>
    <subfield code="r">2014-02-17 00:00:00</subfield>
    <subfield code="t">1</subfield>
    <subfield code="v">720.00</subfield>
    <subfield code="y">EN</subfield>
  </datafield>
  <datafield tag="952" ind1=" " ind2=" ">
    <subfield code="0">0</subfield>
    <subfield code="1">0</subfield>
    <subfield code="4">0</subfield>
    <subfield code="7">0</subfield>
    <subfield code="8">NFIC</subfield>
    <subfield code="a">NR</subfield>
    <subfield code="b">NR</subfield>
    <subfield code="d">2014-02-17</subfield>
    <subfield code="e">BBB/IN10348/12.03.2013/168/08.03.2013/15.03.2013</subfield>
    <subfield code="g">720.00</subfield>
    <subfield code="l">0</subfield>
    <subfield code="o">230.8095431 KAR</subfield>
    <subfield code="p">B-495447</subfield>
    <subfield code="r">2014-02-17 00:00:00</subfield>
    <subfield code="t">1</subfield>
    <subfield code="v">720.00</subfield>
    <subfield code="y">EN</subfield>
  </datafield>
</record>
